000
00284nam a22001217a 4500
999
_c
5490
_d
5490
008
170504b xxu||||| |||| 00| 0 eng d
020
_a
0-07-282008-X
082
_a
345.73 REI
100
_a
REID,SUE,TITUS.
245
_a
CRIMINAL LAW
250
_a
6TH
260
_a
USA
_b
Mc GRAW HILL
_c
2004